Analýza finančnej situácie obchodného podniku diplomová práca

Salvato in:
Dettagli Bibliografici
Autore principale: Borovská, Klára
Ente Autore: Podnikovohospodárska fakulta EU so sídlom v Košiciach. Katedra finančného riadenia podniku
Altri autori: Lukáč, Jozef, 1991-
Natura: Libro
Lingua:slovacco
Pubblicazione: Košice 2023
Tags: Aggiungi Tag
Nessun Tag, puoi essere il primo ad aggiungerne!!

MARC

LEADER 00000nbm a2200000 4500
001 0292906
005 20240628095644.2
041 0 |a slo 
044 |a SK 
245 1 0 |a Analýza finančnej situácie obchodného podniku  |b diplomová práca  |c Klára Borovská ; školiteľ: Jozef Lukáč 
264 1 |a Košice  |c 2023 
300 |a 52 s. 
100 1 |a Borovská, Klára 
700 1 |a Lukáč, Jozef, 1991- 
710 2 |a Podnikovohospodárska fakulta EU so sídlom v Košiciach. Katedra finančného riadenia podniku